[Event "SRB-chT 1st League"]
[Site "Bajina Basta"]
[Date "2019.09.17"]
[Round "6.11"]
[White "Sandic, Vladeta"]
[Black "Djordjevic, Nebojsa"]
[Result "1/2-1/2"]
[WhiteElo "2306"]
[BlackElo "2267"]
[PlyCount "123"]
[EventDate "2019.09.13"]
[EventType "team-tourn"]
[EventRounds "11"]
[EventCountry "SRB"]
[SourceTitle "CBM 195 Extra"]
[Source "ChessBase"]
[SourceDate "2020.05.31"]
[SourceVersion "1"]
[SourceVersionDate "2020.05.31"]
[SourceQuality "1"]
[WhiteTeam "Krusik"]
[BlackTeam "Kostolac Rudar"]
[WhiteTeamCountry "SRB"]
[BlackTeamCountry "SRB"]

1. d4 d5 2. c4 c6 3. Nf3 Nf6 4. Nc3 e6 5. e3 Be7 6. Bd3 0-0 7. 0-0 Nbd7 8. Qe2 b6 9. e4 dxe4 10. Nxe4 Bb7 11. Rd1 Qc7 12. Bg5 Rfe8 13. c5 bxc5 14. dxc5 Nxe4 15. Qxe4 Nf8 16. Bf4 Qc8 17. b4 a5 18. a3 Bf6 19. Be5 Be7 20. h4 Rd8 21. Bc2 axb4 22. axb4 f5 23. Qc4 Rxd1+ 24. Rxd1 Ba6 25. Qc3 Be2 26. Re1 Bxf3 27. Qxf3 Bxh4 28. Bb3 Kh8 29. Qh5 Qd8 30. Qf7 Bf6 31. Bxe6 Nxe6 32. Bxf6 Qxf6 33. Qxf6 gxf6 34. Rxe6 Rb8 35. Rxc6 Rxb4 36. Rxf6 f4 37. Rf7 Rc4 38. Rc7 Rc1+ 39. Kh2 Rc2 40. f3 Kg8 41. c6 h5 42. Kh3 Rc3 43. Kh4 Rc5 44. Kh3 Rc3 45. Kh2 Rc1 46. g3 fxg3+ 47. Kxg3 Rc4 48. f4 h4+ 49. Kxh4 Rxf4+ 50. Kg5 Rc4 51. Kf6 Rc1 52. Rc8+ Kh7 53. Ke6 Kg7 54. Kd7 Kf7 55. Rd8 Rd1+ 56. Kc8 Rc1 57. Rd6 Ke7 58. Rh6 Rc2 59. c7 Rb2 60. Rh7+ Ke8 61. Rh4 Re2 62. Rb4 1/2-1/2

[Event "SRB-chT2 East"]
[Site "Serbia"]
[Date "2018.09.09"]
[Round "5.23"]
[White "Djordjevic, Nebojsa"]
[Black "Ugrenovic, Bozidar"]
[Result "1/2-1/2"]
[WhiteElo "2284"]
[BlackElo "2228"]
[PlyCount "120"]
[EventDate "2018.09.07"]
[EventType "team-tourn"]
[EventRounds "11"]
[EventCountry "SRB"]
[SourceTitle "EXT 2021"]
[Source "ChessBase"]
[SourceDate "2020.10.23"]
[SourceVersion "1"]
[SourceVersionDate "2020.10.23"]
[SourceQuality "1"]
[WhiteTeam "Kostolac Rudar"]
[BlackTeam "Majdanpek"]
[WhiteTeamCountry "SRB"]
[BlackTeamCountry "SRB"]

1. d4 Nf6 2. c4 c5 3. dxc5 Na6 4. a3 Nxc5 5. b4 Na6 6. e3 e6 7. Nf3 b6 8. Be2 Bb7 9. 0-0 Be7 10. Bb2 0-0 11. Nbd2 Nc7 12. Qc2 Rc8 13. Ng5 Nce8 14. Rfd1 d5 15. Rac1 h6 16. Ngf3 Qc7 17. Qb1 Qb8 18. cxd5 Nxd5 19. Rxc8 Qxc8 20. Rc1 Qa8 21. Bf1 Nef6 22. Nd4 Rd8 23. b5 Rd7 24. Nc4 Bd6 25. Nxd6 Rxd6 26. e4 Nf4 27. f3 Nxe4 28. fxe4 Bxe4 29. Rc8+ Qxc8 30. Qxe4 Ng6 31. Nc6 Qd7 32. Bc3 f5 33. Qa4 Rd1 34. Bd4 Rd2 35. Qb4 Rd1 36. Kf2 Qd5 37. Be2 Qa2 38. Bc3 Rc1 39. Qd4 e5 40. Nxe5 Nf4 41. Qc4+ Qxc4 42. Bxc4+ Kh7 43. Bd2 Rc2 44. Ke1 Ng6 45. Bg8+ Kxg8 46. Nxg6 Rc5 47. Ne7+ Kf7 48. Nc6 Rxb5 49. Nxa7 Rc5 50. Bb4 Rc2 51. Kf1 g5 52. Nb5 Kg6 53. Nd4 Rc4 54. Ne2 f4 55. Nc3 Kf7 56. Ke2 Ke6 57. Kd3 Rc8 58. Ke4 Rc4+ 59. Kd3 Rc8 60. Ke4 Rc4+ 1/2-1/2

[Event "SRB-chT 1st League"]
[Site "Banja Vrujci"]
[Date "2017.09.24"]
[Round "11.3"]
[White "Djordjevic, Nebojsa"]
[Black "Nadj Hedjesi, Balind"]
[Result "1/2-1/2"]
[WhiteElo "2306"]
[BlackElo "2319"]
[PlyCount "219"]
[EventDate "2017.09.16"]
[EventType "team"]
[EventRounds "11"]
[EventCountry "SRB"]
[SourceTitle "EXT 2018"]
[Source "ChessBase"]
[SourceDate "2017.10.13"]
[SourceVersion "1"]
[SourceVersionDate "2017.10.13"]
[SourceQuality "1"]
[WhiteTeam "Kostolac Rudar"]
[BlackTeam "Despotovac Sloga"]
[WhiteTeamCountry "SRB"]
[BlackTeamCountry "SRB"]

1. d4 Nf6 2. c4 e6 3. a3 c5 4. e3 cxd4 5. exd4 d5 6. c5 b6 7. cxb6 Qxb6 8. Nf3 a5 9. Nc3 Be7 10. Be2 0-0 11. 0-0 Ba6 12. Na4 Qa7 13. Be3 Nbd7 14. Ne5 Rfc8 15. Nd3 Rab8 16. Rb1 Ne4 17. Re1 Bc4 18. Rc1 Qa6 19. Nf4 Bd6 20. f3 Nef6 21. Rc2 Rc6 22. Bxc4 Rxc4 23. Qe2 Qb5 24. Rxc4 dxc4 25. Qc2 g6 26. Rc1 Nd5 27. Nxd5 exd5 28. Bd2 Nb6 29. Nxb6 Qxb6 30. Bc3 Qd8 31. Re1 Rb3 32. g3 a4 33. Kg2 h5 34. f4 Qd7 35. Rf1 f5 36. Re1 Kf7 37. h4 Bf8 38. Re2 Rb8 39. Kf2 Bg7 40. Kg2 Bf6 41. Qd1 Re8 42. Rxe8 Qxe8 43. Kh2 Kg7 44. Qd2 Qe4 45. Qd1 Kh6 46. Qd2 Qd3 47. Qf2 Kg7 48. Kg2 Kf7 49. Kh2 Ke6 50. Qe1+ Kd7 51. Qf2 Kc6 52. Kg2 Kb5 53. Kh2 Bd8 54. Qe1 Qe4 55. Qf2 Bb6 56. Kg1 Qb1+ 57. Kh2 Qd3 58. Qe1 Qc2+ 59. Kg1 Qe4 60. Qd2 Qd3 61. Qf2 Ba5 62. Qe1 Qxd4+ 63. Kh2 Bxc3 64. Qe8+ Kb6 65. Qd8+ Kb7 66. bxc3 Qf2+ 67. Kh3 Qf1+ 68. Kh2 Qe2+ 69. Kh3 Qg4+ 70. Kh2 Qe2+ 71. Kh3 Qe6 72. Qf8 Qc6 73. Qg7+ Ka6 74. Kh2 Qb6 75. Qd7 Qb5 76. Qd6+ Kb7 77. Qe7+ Kc8 78. Qf8+ Kc7 79. Qe7+ Qd7 80. Qc5+ Kb7 81. Qb4+ Ka6 82. Qc5 Qe6 83. Kh3 Qd7 84. Kh2 Kb7 85. Qb4+ Kc7 86. Qc5+ Qc6 87. Qe7+ Kc8 88. Qf8+ Kb7 89. Qe7+ Ka6 90. Qd8 Qe6 91. Qa8+ Kb5 92. Qb8+ Kc6 93. Qb4 d4 94. Qxa4+ Kd5 95. Qa8+ Qc6 96. Qd8+ Qd6 97. Qg8+ Kc5 98. Qc8+ Kb5 99. Qb7+ Ka4 100. cxd4 c3 101. d5 Kxa3 102. Qa7+ Kb3 103. Qd4 Kc2 104. Kg2 Kb3 105. Qd3 Kb2 106. Qd4 Kb3 107. Qd3 Kb4 108. Qd4+ Kb5 109. Qxc3 Qxd5+ 110. Kh2 1/2-1/2

[Event "SRB-chT 1st League"]
[Site "Banja Vrujci"]
[Date "2017.09.23"]
[Round "10.4"]
[White "Kojovic, Dragan"]
[Black "Djordjevic, Nebojsa"]
[Result "1-0"]
[WhiteElo "2381"]
[BlackElo "2306"]
[PlyCount "47"]
[EventDate "2017.09.16"]
[EventType "team"]
[EventRounds "11"]
[EventCountry "SRB"]
[SourceTitle "EXT 2018"]
[Source "ChessBase"]
[SourceDate "2017.10.13"]
[SourceVersion "1"]
[SourceVersionDate "2017.10.13"]
[SourceQuality "1"]
[WhiteTeam "Gornji Milanovac Metalac"]
[BlackTeam "Kostolac Rudar"]
[WhiteTeamCountry "SRB"]
[BlackTeamCountry "SRB"]

1. e4 d6 2. d4 Nf6 3. Nc3 c6 4. Nf3 g6 5. Bd3 Bg7 6. 0-0 0-0 7. h3 Qc7 8. a4 Nbd7 9. Be3 b6 10. Qe2 a6 11. Rfe1 Re8 12. e5 dxe5 13. Nxe5 Nxe5 14. dxe5 Nd5 15. Nxd5 cxd5 16. Bd4 e6 17. Ra3 Bf8 18. Rc3 Qd8 19. Qe3 Rb8 20. Rb3 Qd7 21. Ra1 b5 22. axb5 axb5 23. Ra7 Qc6 24. Rc3 1-0

[Event "SRB-chT 1st League"]
[Site "Banja Vrujci"]
[Date "2017.09.21"]
[Round "8.3"]
[White "Antic, Dejan"]
[Black "Djordjevic, Nebojsa"]
[Result "1-0"]
[WhiteElo "2431"]
[BlackElo "2306"]
[PlyCount "105"]
[EventDate "2017.09.16"]
[EventType "team"]
[EventRounds "11"]
[EventCountry "SRB"]
[SourceTitle "CBM 180 Extra"]
[Source "ChessBase"]
[SourceDate "2017.10.06"]
[SourceVersion "1"]
[SourceVersionDate "2017.10.06"]
[SourceQuality "1"]
[WhiteTeam "Valjevo 2005"]
[BlackTeam "Kostolac Rudar"]
[WhiteTeamCountry "SRB"]
[BlackTeamCountry "SRB"]

1. d4 d5 2. c4 c6 3. Nf3 Nf6 4. Nc3 e6 5. g3 Be7 6. Bg2 0-0 7. 0-0 Nbd7 8. b3 b6 9. Nd2 Bb7 10. e4 dxe4 11. Ndxe4 Nxe4 12. Nxe4 Nf6 13. Nc3 Qd7 14. Bb2 Rfd8 15. Re1 Qxd4 16. Qxd4 Rxd4 17. Nd5 Rxd5 18. cxd5 Nxd5 19. Bxd5 cxd5 20. Bd4 Bd8 21. f4 g6 22. g4 Bc8 23. g5 Bd7 24. Rac1 Kf8 25. Re3 b5 26. Kg2 a5 27. h4 Ke8 28. h5 Ra6 29. hxg6 hxg6 30. Rh3 Bc6 31. Rh8+ Kd7 32. Rf8 e5 33. Bxe5 d4+ 34. Kf2 d3 35. Ke3 Bd5 36. Kxd3 b4 37. Rc5 Be6 38. Rb5 Bb6 39. Bd4 Bc7 40. Ke4 Bd6 41. Rb7+ Kc6 42. Rfxf7 a4 43. bxa4 Bxf7 44. Rxf7 Rxa4 45. Rf6 Kd7 46. Rxg6 Bc5 47. Bf6 Rxa2 48. Kd5 Ra5 49. Rg7+ Ke8 50. Ke6 Ra6+ 51. Kf5 Bd6 52. Rb7 Ra5+ 53. Be5 1-0

[Event "SRB-chT 1st League"]
[Site "Banja Vrujci"]
[Date "2017.09.20"]
[Round "7.5"]
[White "Djordjevic, Nebojsa"]
[Black "Stankovic, Milos"]
[Result "0-1"]
[WhiteElo "2306"]
[BlackElo "2400"]
[PlyCount "52"]
[EventDate "2017.09.16"]
[EventType "team"]
[EventRounds "11"]
[EventCountry "SRB"]
[SourceTitle "CBM 180 Extra"]
[Source "ChessBase"]
[SourceDate "2017.10.06"]
[SourceVersion "1"]
[SourceVersionDate "2017.10.06"]
[SourceQuality "1"]
[WhiteTeam "Kostolac Rudar"]
[BlackTeam "Petrovac Sloga"]
[WhiteTeamCountry "SRB"]
[BlackTeamCountry "SRB"]

1. d4 Nf6 2. c4 g6 3. Nc3 d5 4. e3 Bg7 5. Nf3 0-0 6. Be2 dxc4 7. Bxc4 c5 8. 0-0 cxd4 9. Nxd4 Qc7 10. Be2 Rd8 11. Qe1 Ng4 12. Nf3 Nc6 13. h3 Nge5 14. Nxe5 Qxe5 15. Bd2 Nb4 16. Qc1 Nd3 17. Bxd3 Rxd3 18. e4 Bxh3 19. Bf4 Qh5 20. gxh3 Rxh3 21. f3 g5 22. Bc7 Bd4+ 23. Kg2 e5 24. Bxe5 Bxe5 25. Qe3 Rh2+ 26. Kg1 Rg2+ 0-1

[Event "SRB-chT2 East CS"]
[Site "Kragujevac"]
[Date "2016.10.08"]
[Round "10.6"]
[White "Djordjevic, Nebojsa"]
[Black "Mickovic, Slavisa"]
[Result "1-0"]
[WhiteElo "2299"]
[BlackElo "2150"]
[PlyCount "97"]
[EventDate "2016.08.26"]
[EventType "team-tourn"]
[EventRounds "11"]
[EventCountry "SRB"]
[SourceTitle "EXT 2021"]
[Source "ChessBase"]
[SourceDate "2020.10.23"]
[SourceVersion "1"]
[SourceVersionDate "2020.10.23"]
[SourceQuality "1"]

1. d4 d5 2. c4 c6 3. e3 Nf6 4. Nf3 a6 5. a3 g6 6. Nc3 Bg7 7. Be2 0-0 8. 0-0 b5 9. b3 Nbd7 10. Bb2 Re8 11. Qc2 Rb8 12. Rab1 bxc4 13. bxc4 Nb6 14. Ne5 Qc7 15. c5 Nbd7 16. f4 Nxe5 17. fxe5 Ng4 18. Bc1 Rxb1 19. Qxb1 Nxe5 20. dxe5 Bxe5 21. Bd2 Bxh2+ 22. Kh1 Be5 23. Qb4 Bf5 24. Qb6 Qd7 25. Bf3 Bd3 26. Rc1 Rb8 27. Qa5 Rb2 28. Nd1 Ra2 29. Be1 Be4 30. Bxe4 dxe4 31. Nf2 Qf5 32. Kg1 Qg5 33. Bc3 Qg3 34. Qd8+ Kg7 35. Bxe5+ Qxe5 36. Qd4 Qxd4 37. exd4 e3 38. Ng4 e2 39. Kf2 Rd2 40. Rc4 f6 41. Ne3 Rd3 42. Kxe2 Rxa3 43. d5 cxd5 44. Nxd5 Ra2+ 45. Kd3 Ra5 46. Nxe7 Kf7 47. c6 Kxe7 48. c7 Rd5+ 49. Ke4 1-0

[Event "SRB-chT2 East"]
[Site "Zajecar"]
[Date "2013.10.13"]
[Round "6.23"]
[White "Komnenic, Branko"]
[Black "Djordjevic, Nebojsa"]
[Result "0-1"]
[WhiteElo "2276"]
[BlackElo "2251"]
[PlyCount "120"]
[EventDate "2013.10.10"]
[EventType "team-swiss"]
[EventRounds "8"]
[EventCountry "SRB"]
[SourceTitle "EXT 2015"]
[Source "ChessBase"]
[SourceDate "2014.11.20"]
[SourceVersion "1"]
[SourceVersionDate "2014.11.20"]
[SourceQuality "1"]

1. d4 d5 2. Bf4 c6 3. e3 Nf6 4. c4 e6 5. Nc3 Be7 6. h3 0-0 7. Nf3 dxc4 8. Bxc4 Nd5 9. Bg3 b5 10. Bd3 Nxc3 11. bxc3 Bb7 12. 0-0 Nd7 13. Qc2 h6 14. a4 a6 15. Rfb1 Qc8 16. Nd2 Nb6 17. a5 Nd7 18. c4 Rd8 19. c5 e5 20. Bf5 exd4 21. exd4 Re8 22. Ne4 g6 23. Bg4 f5 24. Nd6 Bxd6 25. Bxd6 Nf6 26. Bf3 Qe6 27. Qd2 Kh7 28. Re1 Qf7 29. h4 Ne4 30. Bxe4 Rxe4 31. Rxe4 fxe4 32. Re1 Re8 33. Be5 Qf5 34. Qe3 Rf8 35. Bg3 Kg7 36. Qxe4 Qxe4 37. Rxe4 Bc8 38. Be5+ Kf7 39. Bf4 Bf5 40. Re5 Rd8 41. d5 Rxd5 42. Rxd5 cxd5 43. Bxh6 Ke6 44. Bg7 d4 45. Bxd4 Kd5 46. Be3 b4 47. f3 b3 48. Bc1 Kxc5 49. g4 Be6 50. Kf2 Kb4 51. Ke3 Kxa5 52. Ke4 Kb5 53. Ke5 Bg8 54. h5 gxh5 55. gxh5 a5 56. h6 a4 57. Kf6 Bh7 58. Kg7 Bd3 59. h7 Bxh7 60. Kxh7 a3 0-1

[Event "SRB-chT2 East"]
[Site "Zajecar"]
[Date "2013.10.12"]
[Round "4"]
[White "Djordjevic, Nebojsa"]
[Black "Djokic, Nebojsa"]
[Result "1-0"]
[WhiteElo "2251"]
[BlackElo "2193"]
[PlyCount "63"]
[EventDate "2013.10.10"]
[EventType "team-swiss"]
[EventRounds "8"]
[EventCountry "SRB"]
[SourceTitle "EXT 2014"]
[Source "ChessBase"]
[SourceDate "2013.11.20"]
[SourceVersion "1"]
[SourceVersionDate "2013.11.20"]
[SourceQuality "1"]

1. d4 Nf6 2. c4 g6 3. Nc3 Bg7 4. e4 d6 5. f3 0-0 6. Be3 Nc6 7. Bd3 e5 8. d5 Nd4 9. Nge2 Nh5 10. 0-0 c5 11. dxc6 bxc6 12. Qd2 Rb8 13. Rab1 c5 14. Bh6 Nf4 15. Bxg7 Nfxe2+ 16. Nxe2 Kxg7 17. Nxd4 cxd4 18. b4 Be6 19. Rfc1 Qe7 20. c5 dxc5 21. Rxc5 Rfc8 22. Rbc1 Rxc5 23. Rxc5 Rc8 24. Rxc8 Bxc8 25. a4 Qc7 26. a5 Kf6 27. Kf2 Ke6 28. Qa2+ Kd6 29. Qd5+ Ke7 30. f4 Qc3 31. Qxe5+ Be6 32. Qc5+ 1-0

[Event "SRB-chT2 East"]
[Site "Zajecar"]
[Date "2013.10.11"]
[Round "3"]
[White "Radovic, Luka"]
[Black "Djordjevic, Nebojsa"]
[Result "0-1"]
[WhiteElo "2089"]
[BlackElo "2251"]
[PlyCount "76"]
[EventDate "2013.10.10"]
[EventType "team-swiss"]
[EventRounds "8"]
[EventCountry "SRB"]
[SourceTitle "EXT 2014"]
[Source "ChessBase"]
[SourceDate "2013.11.20"]
[SourceVersion "1"]
[SourceVersionDate "2013.11.20"]
[SourceQuality "1"]

1. Nf3 Nf6 2. g3 d5 3. c4 c6 4. b3 e6 5. Bg2 Be7 6. Bb2 0-0 7. 0-0 b6 8. d3 Bb7 9. Nbd2 c5 10. e3 Nc6 11. Qe2 Qc7 12. Rfd1 Rad8 13. Rac1 dxc4 14. Nxc4 b5 15. Nce5 Nxe5 16. Nxe5 Bxg2 17. Kxg2 Bd6 18. d4 Bxe5 19. dxe5 Rxd1 20. Qxd1 Nd7 21. Qd6 Qxd6 22. exd6 f6 23. e4 e5 24. f4 Rc8 25. Kf3 Rc6 26. Rd1 Kf7 27. Ke3 Ke6 28. f5+ Kf7 29. Ba3 b4 30. Bc1 Ke8 31. Ke2 Nb6 32. Be3 Kd7 33. h4 Nc8 34. Rd5 c4 35. Rb5 Nxd6 36. Rxb4 Nxe4 37. g4 Nc3+ 38. Kd2 Nd5 0-1

[Event "SRB-chT2 East"]
[Site "Zajecar"]
[Date "2013.10.10"]
[Round "1"]
[White "Tosic, Nebojsa"]
[Black "Djordjevic, Nebojsa"]
[Result "0-1"]
[WhiteElo "2171"]
[BlackElo "2251"]
[PlyCount "113"]
[EventDate "2013.10.10"]
[EventType "team-swiss"]
[EventRounds "8"]
[EventCountry "SRB"]
[SourceTitle "EXT 2014"]
[Source "ChessBase"]
[SourceDate "2013.11.20"]
[SourceVersion "1"]
[SourceVersionDate "2013.11.20"]
[SourceQuality "1"]

1. e4 d6 2. d4 Nf6 3. Nc3 g6 4. Bc4 c6 5. Qe2 Bg7 6. Bg5 e5 7. 0-0-0 Qe7 8. f4 Bg4 9. Nf3 Nbd7 10. h3 Bxf3 11. gxf3 h6 12. Bh4 0-0 13. dxe5 dxe5 14. Rhg1 Kh7 15. f5 g5 16. Bf2 Nh5 17. h4 Bf6 18. hxg5 Bxg5+ 19. Kb1 Nf4 20. Qf1 b5 21. Bb3 a5 22. a4 Nc5 23. Rxg5 hxg5 24. Qh1+ Kg7 25. f6+ Kxf6 26. Qh6+ Ng6 27. f4 Nxb3 28. fxg5+ Ke6 29. Qh3+ f5 30. cxb3 Qxg5 31. axb5 cxb5 32. Rg1 Nf4 33. Qe3 Qd8 34. Rd1 Qb8 35. exf5+ Rxf5 36. Qc5 Ra6 37. Nxb5 Rf7 38. Qc4+ Kf6 39. Bh4+ Kg7 40. Qc5 Ng6 41. Bg3 Re6 42. Qd5 Rfe7 43. Ka2 Qb7 44. Qd3 Qa6 45. Qd5 a4 46. Na3 axb3+ 47. Qxb3 Rb6 48. Qc3 Rc6 49. Qe3 Qb6 50. Qd3 e4 51. Qd5 e3 52. Be1 e2 53. Rb1 Qc7 54. Ba5 Qd7 55. Qb3 Qe6 56. Re1 Nf4 57. Bd2 0-1

[Event "SRB-chT 1st League"]
[Site "Serbia"]
[Date "2005.09.28"]
[Round "6.2"]
[White "Djordjevic, Nebojsa"]
[Black "Savicevic, Vlatko"]
[Result "1/2-1/2"]
[WhiteElo "2266"]
[BlackElo "2339"]
[PlyCount "29"]
[EventDate "2005.09.25"]
[EventType "team"]
[EventRounds "11"]
[EventCountry "SRB"]
[SourceTitle "EXT 2012"]
[Source "ChessBase"]
[SourceDate "2011.11.24"]
[SourceVersion "1"]
[SourceVersionDate "2011.11.24"]
[SourceQuality "1"]
[WhiteTeam "Jastrebac Blace"]
[BlackTeam "Telekom"]
[WhiteTeamCountry "SRB"]
[BlackTeamCountry "SRB"]

1. d4 d5 2. c4 e6 3. e3 Nf6 4. Nf3 Be7 5. Nc3 0-0 6. Be2 b6 7. 0-0 Bb7 8. cxd5 exd5 9. a3 c5 10. b3 Nc6 11. Bb2 Rc8 12. Rc1 Re8 13. Na4 Ne4 14. Nc3 Bf8 15. dxc5 1/2-1/2

[Event "SCG-chT1 Central"]
[Site "Vrnjacka Banja"]
[Date "2004.09.28"]
[Round "5.4"]
[White "Djordjevic, Nebojsa"]
[Black "Gavrilovic, Leonardo"]
[Result "1/2-1/2"]
[WhiteElo "2267"]
[BlackElo "2238"]
[PlyCount "33"]
[EventDate "2004.09.25"]
[EventType "team"]
[EventRounds "11"]
[EventCountry "YUG"]
[SourceTitle "CBM 102 Extra"]
[Source "ChessBase"]
[SourceDate "2004.11.03"]
[SourceVersion "1"]
[SourceVersionDate "2004.11.03"]
[SourceQuality "1"]
[WhiteTeam "10"]
[BlackTeam "06"]
[WhiteTeamCountry "YUG"]
[BlackTeamCountry "YUG"]

1. d4 Nf6 2. c4 e6 3. Nf3 d5 4. e3 c6 5. Nc3 Nbd7 6. Bd3 Be7 7. 0-0 0-0 8. e4 dxe4 9. Nxe4 b6 10. Qe2 Bb7 11. Rd1 c5 12. Nxf6+ Bxf6 13. dxc5 bxc5 14. Be4 Qc7 15. Rb1 Rfd8 16. Bxb7 Qxb7 17. b3 1/2-1/2

[Event "Nisa Seniorsko op"]
[Site "Nisa"]
[Date "2003.04.13"]
[Round "5"]
[White "Djordjevic, Nebojsa"]
[Black "Perunovic, Miodrag"]
[Result "1/2-1/2"]
[WhiteElo "2261"]
[BlackElo "2402"]
[PlyCount "88"]
[EventDate "2003.04.09"]
[EventType "swiss"]
[EventRounds "9"]
[EventCountry "YUG"]
[SourceTitle "EXT 2004"]
[Source "ChessBase"]
[SourceDate "2003.11.25"]
[SourceVersion "1"]
[SourceVersionDate "2003.11.25"]
[SourceQuality "1"]

1. d4 Nf6 2. Nf3 e6 3. e3 b6 4. Be2 Bb7 5. 0-0 Be7 6. c4 c5 7. Nc3 cxd4 8. Nxd4 a6 9. b3 0-0 10. Bb2 Qc7 11. Rc1 d6 12. Bf3 Nbd7 13. Bxb7 Qxb7 14. Qf3 Qxf3 15. Nxf3 Nc5 16. Rfd1 b5 17. cxb5 axb5 18. Nxb5 Nd5 19. Ra1 Nb4 20. a3 Nxb3 21. Rab1 Rfb8 22. axb4 Rxb5 23. Bc3 Ra3 24. Be1 Rd5 25. Rxd5 exd5 26. Kf1 g5 27. h3 h5 28. g4 hxg4 29. hxg4 Bf6 30. Rd1 d4 31. exd4 Na1 32. Ke2 Nc2 33. Rb1 Nxd4+ 34. Nxd4 Bxd4 35. Rd1 Be5 36. Rb1 Bd4 37. b5 Bb6 38. Bd2 Ra2 39. Kd3 Ra3+ 40. Ke4 Bxf2 41. b6 d5+ 42. Kf5 Rf3+ 43. Ke5 Bg3+ 44. Kd4 Bf2+ 1/2-1/2